LDR 00722naa#a2200181#i#450# 001 EN\FGKOU VO SPBU MVD ROSSII\bibl\119123 005 20260702014542.4 011 ## _a2071-8284 100 ## _a20260630b2026####ek#y0engy0150####ca 101 0# _aRUS 102 ## _aRU 200 1# _aGrounds and conditions for the termination of criminal proceedings due to a compromise between the parties _eJournal article 210 1# _aSt. Petersburg _cSAINT-PETERSBURG UNIVERSITY OF THE MINISTRY OF INTERNAL AFFAIRS OF THE RUSSIAN FEDERATION _d2026 215 ## _a9 с. 608 ## _aJournal article _2local 675 ## _aУголовно-процессуальное право. 343.13 _zRUS 700 #1 _aRukavishnikova _gGalina Aleksandrovna 856 4# _avestnikkf.ru _u